Football Team Crest/Logo Descriptions - Statistics

General Stats
  • This quiz has been taken 54 times
  • The average score is 4 of 10
Answer Stats
Description Answer % Correct
The crest concists of a white circle with a diagonal blue line and the club's initials on. It has a yellow and blue border and a crown on top Real Madrid C.F.
77%
The crest is completely blue and concists of a cockerel standing on an old-time football over the club's name Tottenham Hotspur F.C.
74%
The crest is white, with a blue border with the club name, two red old-time leather footballs and what is supposed to be two red roses. The white inside features a blue heraldic lion holding a staff Chelsea F.C.
60%
The circular crest is mainly blue and features a local, but world famous building in red and the team's name on top of the circle Paris Saint-Germain F.C.
40%
The crest is blue, red, and white. It has the colours of the federal state the club is based in, blue and white, in its centre and the club's name is written in white on a red ring enclosing the crest FC Bayern Munich
35%
The badge shows the club's name on top, with two capital letters shown together in different fonts with a small opening between them to almost make a bigger letter. Juventus F.C.
30%
The badge is blue with a yellow border. It features 52 yellow stars and the club intitials CA Boca Juniors
23%
The crest has an oval shape, red-and-white horizontal lines and a flag with the club letters incorporated PSV Eindhoven
21%
The crest concists of a blue shield with a gold border, the team name, and a white and yellow quasar at the top of the crest LA Galaxy
14%
The crest is composed of an eagle, positioned atop a shield with the colours red and white, the club motto, and the club's initials over a football. There are three stars over the crest and everything is superimposed on a bicycle wheel S.L. Benfica
9%
No matching quizzes found
Score Distribution
Percent of People with Each Score
Percentile by Number Answered
Your Score History
You have not taken this quiz